Implementación de un sistema de monitoreo de eventos de seguridad en la infraestructura tecnológica de la Empresa Administradora de Aeropuertos internacionales EAAI

El estudio pretende que toda empresa sea responsable con la administración, correlación y almacenamiento de los registros de seguridad de equipos, se desarrollan elementos básicos para proveer una visibilidad completa de la infraestructura tecnológica, se desarrollan bases solidas para instalar...

Full description

Bibliographic Details
Main Author: Vega Amoretti, Diego Manuel
Other Authors: Tutor: Castaño Umaña, Reynaldo Antonio
Format: Tesis Section = Libro
Language:Undetermined
Spanish
Published: Managua UNI 2019
Subjects:
LEADER 01513nam a2200253Ia 4500
008 240830s9999 xx 000 0 und d
040 |a BIBLIOTECA-RUPAP M.Mon 005.8 V422 
041 |a spa 
082 |a M.Mon 005.8 V422 
100 1 |a Vega Amoretti, Diego Manuel 
245 1 0 |a Implementación de un sistema de monitoreo de eventos de seguridad en la infraestructura tecnológica de la Empresa Administradora de Aeropuertos internacionales EAAI 
260 |a Managua  |b UNI  |c 2019 
300 |a 219 p. :il. 
500 |a Contiene: anexos y CD. 
502 |a Tesis (Master en Gestión de la Seguridad de la Información)- UNI, 2019. 
520 3 |a El estudio pretende que toda empresa sea responsable con la administración, correlación y almacenamiento de los registros de seguridad de equipos, se desarrollan elementos básicos para proveer una visibilidad completa de la infraestructura tecnológica, se desarrollan bases solidas para instalar, configurar y administrar un sistema de monitoreo de eventos de seguridad por medio de un SIEM, basado en código abierto, determinar la efectividad del sistema de gestión de eventos de seguridad mediante la simulación de ataques informáticos a la infraestructura de servicios tecnológicos. 
650 7 |a SEGURIDAD EN COMPUTADORES 
650 7 |b PROTECCION DE LOS DATOS 
650 7 |c TECNOLOGIA DE LA INFORMACION 
650 7 |d BASES DE DATOS 
700 1 |a Tutor:  |b Castaño Umaña, Reynaldo Antonio 
942 |c BK  |2 ddc 
991 |a TESIS 
999 |c 15178